000 00591nam a2200181Ia 4500
008 090201s9999 xx 000 0 und d
010 _aKPL-68989
040 _bमराठी
041 _aमराठी
082 _a47528
_b68989
100 _aगो ना दातार
245 _aविलासमंदिर (रामबाग)
_cगो ना दातार
250 _a4
260 _c1992
_bश्रीराम बुक एजन्सी
300 _a480
_bमध्यम
600 _aविलासमंदिर (रामबाग)
942 _cBOOK
999 _c244226
_d244226